Niños con pataleta, adolescentes desafiantes: cómo manejar los trastornos de conducta en los hijos
Guardat en:
| Autor principal: | |
|---|---|
| Format: | Llibre |
| Idioma: | espanyol |
| Publicat: |
Santiago
Ediciones B Chile
2009
|
| Edició: | 5a. ed |
| Col·lecció: | Vivir Mejor
|
| Matèries: | |
| Etiquetes: |
Afegir etiqueta
Sense etiquetes, Sigues el primer a etiquetar aquest registre!
|
MARC
| LEADER | 00000nam a2200000 a 4500 | ||
|---|---|---|---|
| 001 | UCH2554 | ||
| 003 | CL-VaPUC | ||
| 008 | 090618e20090000CL |||||||||||||||||spa|d | ||
| 020 | |a 9789563040319 | ||
| 082 | 0 | 4 | |a 616.89142 |b CES |2 21 |
| 100 | 0 | |a Céspedes Calderón, Amanda |e author |9 537421 | |
| 245 | 1 | 0 | |a Niños con pataleta, adolescentes desafiantes: cómo manejar los trastornos de conducta en los hijos |
| 250 | |a 5a. ed | ||
| 300 | |a 152 p | ||
| 942 | |c BK | ||
| 945 | |d 20090618 00:00:00 |a cmena | ||
| 260 | |a Santiago |b Ediciones B Chile |c 2009 | ||
| 650 | 0 | |a Trastornos del comportamiento |9 311363 | |
| 650 | 0 | |a Psicología del niño |9 307305 | |
| 650 | 0 | |a Adolescencia |9 307361 | |
| 650 | 0 | |a Desarrollo emocional |9 313058 | |
| 650 | 7 | |a PSICOPATOLOGIA INFANTIL |2 CL-VaPUC |9 307474 | |
| 583 | |a last modification |c 20090618 00:00:00 |k Rodrigo Vera | ||
| 490 | 0 | |a Vivir Mejor | |
| 999 | |c 334280 |d 334278 | ||
| 952 | |0 0 |1 0 |4 0 |6 616_891420000000000_CES_2009 |7 0 |8 A |9 423229 |a BIBEDU |b BIBEDU |c ES_NOD |d 2019-11-22 |i 4604164 |l 3 |o 616.89142 CES 2009 |p 4604164 |r 2023-08-09 |s 2023-04-20 |w 2019-11-22 |y BK |k EPE | ||
| 952 | |0 0 |1 0 |4 0 |6 616_891420000000000_CES_2009 |7 0 |8 A |9 423230 |a BIBEDU |b BIBEDU |c ES_NOD |d 2019-11-22 |i 4604172 |l 1 |m 1 |o 616.89142 CES 2009 |p 4604172 |r 2023-08-09 |s 2021-10-07 |w 2019-11-22 |y BK |k EPE | ||